• 首页
  • 本馆介绍
  • 公告通知
  • 最新文献
  • 馆藏检索
  • 电子资源
  • 读者导购
  • 参考咨询
  • 我的图书馆
  • 登录
  • 详细信息显示
  • 放入我的书架
  • 预约/预借图书
  • 作者相关作品
  • 分类相关作品
  • 丛书相关作品
  • 出版社相关作品

书目信息

  • 表格格式
  • 工作单格式
  • 卡片格式
题名:
怎样教好练好简化太极拳
    
 
作者: 吕平 , 张其华 编
分册:  
出版信息: 北京   人民体育出版社  1980
页数: 126页
开本: 19cm
丛书名:
单 册:
中图分类: G852.11
科图分类:
主题词: 简化太极拳
电子资源:
ISBN:
000 00672nam0 2200241 45
001 0180001333
005 20060813144617.15
010    @dCNY0.34
091    @aCN@b7015.1881
100    @a19950629d1980 em y0chiy0121 ea
101 0  @achi
102    @aCN@b110000
105    @ay z 000yy
200 10 @a怎样教好练好简化太极拳@Azen yang jiao hao lian hao jian hua tai ji quan@f张其华,吕平编
210    @a北京@c人民体育出版社@d1980
215    @a126页@d19cm
606    @a简化太极拳
690    @aG852.11@v3
701  0 @a吕平@Alv ping@4编
701  0 @a张其华@Azhang qi hua@4编
801  2 @aCN@bNLC@c20060813
801  0 @aCN@bTSSF@c20060810
905    @a10447@dG852.11@e116
    
    怎样教好练好简化太极拳/张其华,吕平编.-北京:人民体育出版社,1980
    126页;19cm
    
    
    ISBN :CNY0.34
    
●
相关链接 在E读中查询图书 在五车中查询图书 在当当中查询图书 在豆瓣中查询图书


正题名:怎样教好练好简化太极拳     索取号:G852.11/116         预约/预借

序号 登录号 条形码 馆藏地/架位号 状态 备注
1 0447093   204470937   密集书库/ [索取号:G852.11/116] 在馆    
2 0448296   204482960   密集书库/ [索取号:G852.11/116] 在馆    
3 0459334   204593341   密集书库/ [索取号:G852.11/116] 在馆    
4 0459335   204593350   密集书库/ [索取号:G852.11/116] 在馆    
5 0459336   204593369   密集书库/ [索取号:G852.11/116] 在馆    
唐山师范学院图书馆 欢迎您!
大连网信软件有限公司© 版权所有